000 00344nam a2200133Ia 4500
008 240624s9999 xx 000 0 und d
041 _aeng
082 _a658.3142 BHA
100 _aBHATTACHARYYA DIPAK KUMAR
245 _aCOMPENSATION MANAGEMENT
260 _c2009
_aNew Delhi
_bOxford University Press
300 _a464 : p.
365 _cRS
_b32
999 _c18148
_d18148